| 000 | 03089njm a2200613 i 4500 | ||
|---|---|---|---|
| 001 | 196099 | ||
| 003 | ES-MaACL | ||
| 005 | 20250904042259.0 | ||
| 007 | sd*fsngnnmmned | ||
| 008 | 240209s2006 sp opn d / ger | ||
| 015 | _aSON06 | ||
| 017 |
_aM 48054-2006 _bOficina Depósito Legal Madrid |
||
| 020 | _a9788496832268 | ||
| 035 | _a(OCoLC)733210713 | ||
| 035 | _a(SpMaBN)a4580551 | ||
| 040 |
_aSpMaBN _bspa _cSpMaBN _erdc |
||
| 100 | 1 |
_aBerg, Alban, _d1885-1935 _9240618 _ecmt |
|
| 240 | 1 | 0 | _aWozzeck |
| 245 | 1 | 0 |
_aWozzeck / _cBerg ; libreto de Alban Berg _b[Grabación sonora] |
| 260 |
_aMadrid : _bPrisa Innova, _cD.L. 2006 |
||
| 264 | _a©2007 | ||
| 300 |
_a2 discos (CD Audio) + _e1 libro (77 páginas) |
||
| 336 |
_2rdacontent _amúsica (interpretada) |
||
| 337 |
_2rdamedia _aaudio |
||
| 338 |
_2rdacarrier _avolumen |
||
| 490 | 1 |
_aLos clásicos de la ópera, 400 años ; _v23 |
|
| 500 | _aRemasterizado | ||
| 511 | 1 | _aMack Harrell, Eileen Farrell, Frederick Jagel, Joseph Mordino, David Lloyd, Ralph Herbert, Edwina Eustis, Adolph Anderson, Hubert Norville ; Coro de la High School of Music and Art ; Coro de la Schola Cantorum ; Orquesta Filarmónica de Nueva York ; Dimitri Mitropoulos, director musical. | |
| 518 | _aGrabado en el Carnegie Hall, Nueva York, el 19 de noviembre de 1951 | ||
| 520 | _aCompuesta por el vienés Alban Berg entre 1914 y 1921 y estrenada en Berlín en 1925, Wozzeck —basada en el drama de Georg Bücner, que el músico transcribe con literalidad devota— ocupa una posición única en la historia de la ópera: no se trata tan solo de la primera, y casi la única, ópera atonal que se ha impuesto plenamente en el repertorio, sino de una asombrosa síntesis de todo lo que hasta entonces se había hecho en el teatro musical y lo que había de hacerse después. | ||
| 650 | 7 |
_aÓperas- _9137584 _vLibretos |
|
| 655 | 7 |
_aLibretos _2 _9242219 |
|
| 700 | 1 |
_aBerg, Alban, _9240618 _d1885-1935 _elbt |
|
| 700 | 1 |
_aHarrell, Mack _9238240 _eprf |
|
| 700 | 1 |
_aFarrell, Eileen, _d1920-2002 _9238241 _eprf |
|
| 700 | 1 |
_aJagel, Frederick _9238242 _eprf |
|
| 700 | 1 |
_aMordino, Joseph _9238243 _eprf |
|
| 700 | 1 |
_aLloyd, David, _d1920- _9238244 _eprf |
|
| 700 | 1 |
_aHerbert, Ralph _9238245 _eprf |
|
| 700 | 1 |
_aEustis, Edwina _9238246 _eprf |
|
| 700 | 1 |
_aAnderson, Adolph _9238247 _eprf |
|
| 700 | 1 |
_aNorville, Hubert _9238248 _eprf |
|
| 700 | 1 |
_aMitropoulos, Dimitri, _d1896-1960 _9238249 _emsd |
|
| 710 | 2 |
_aHigh School of Music and Art (New York, N.Y.)- _bChorus _9238250 |
|
| 710 | 2 |
_aSchola Cantorum (Nueva York) _9238251 |
|
| 710 | 2 |
_aNew York Philharmonic _9238252 |
|
| 852 |
_aES.MaACL _bR.155033 _cDEPOJ _jN-9818 _hDonación: Miren Fernández _xEncuadernación cartoné _pVolumen 23 _9205694 |
||
| 903 |
_aFernández, Miren _ednr |
||
| 942 |
_cMONOGRAFIA _n0 |
||
| 999 |
_c196099 _d196099 |
||